System identification : (Record no. 174861)

000 -LEADER
fixed length control field 00915 a2200205 4500
003 - CONTROL NUMBER IDENTIFIER
control field Nust
005 - DATE AND TIME OF LATEST TRANSACTION
control field 20220720124457.0
010 ## - LIBRARY OF CONGRESS CONTROL NUMBER
LC control number 86022712
020 ## - INTERNATIONAL STANDARD BOOK NUMBER
International Standard Book Number 0138816409
040 ## - CATALOGING SOURCE
Transcribing agency Nust
082 00 - DEWEY DECIMAL CLASSIFICATION NUMBER
Classification number 003,LJU
100 1# - MAIN ENTRY--PERSONAL NAME
Personal name Ljung, Lennart.
9 (RLIN) 9896
245 10 - TITLE STATEMENT
Title System identification :
Remainder of title theory for the user /
Statement of responsibility, etc. Lennart Ljung.
260 ## - PUBLICATION, DISTRIBUTION, ETC.
Place of publication, distribution, etc. Englewood Cliffs, NJ :
Name of publisher, distributor, etc. Prentice-Hall,
Date of publication, distribution, etc. 1987.
300 ## - PHYSICAL DESCRIPTION
Extent xxi, 519 p. :
Other physical details ill. ;
Dimensions 25 cm.
440 #0 - SERIES STATEMENT/ADDED ENTRY--TITLE
Title Prentice-Hall information and system sciences series
9 (RLIN) 81517
505 ## - FORMATTED CONTENTS NOTE
Formatted contents note Introduction (Page-1), Time-Invariant Linear Systems (Page-13), Simulation, Prediction and Control (Page-51), Models of Linear Time-Invariant Systems (Page-69), Models for Time-Varying and Nonlinear Systems (Page-127), Nonparametric Time and Frequency-Doman Methods (Page-141), System Identification in Practice (Page-434)
650 #0 - SUBJECT ADDED ENTRY--TOPICAL TERM
Topical term or geographic name entry element System identification.
9 (RLIN) 93959
942 ## - ADDED ENTRY ELEMENTS (KOHA)
Koha item type Reference
Source of classification or shelving scheme
Holdings
Withdrawn status Lost status Source of classification or shelving scheme Damaged status Not for loan Permanent Location Current Location Shelving location Date acquired Full call number Barcode Date last seen Price effective from Koha item type Public note
          Military College of Signals (MCS) Military College of Signals (MCS) Reference 12/12/2016 003,LJU MCS5613 12/08/2016 12/12/2016 Book Almirah No.17, Shelf No.1
© 2023 Central Library, National University of Sciences and Technology. All Rights Reserved.